[Event "Memorial Nicola Palladino A"]
[Site "Milano ITA"]
[Date "2010.04.06"]
[Round "6"]
[White "Illyuviev, Oleg"]
[Black "Formento, Paolo"]
[Result "0-1"]
[WhiteElo "2031"]
[BlackElo "1858"]
[PlyCount "62"]
[EventDate "2010.04.01"]

1. c4 c5 2. Nc3 Nc6 3. g3 g6 4. Bg2 Bg7 5. e4 e6 6. d3 d6 7. Nge2 Nge7 8. O-O
O-O 9. Be3 a6 10. Qd2 Re8 11. Bh6 Bh8 12. h4 Rb8 13. h5 b5 14. hxg6 hxg6 15. g4
f6 16. Kh2 Kf7 17. f4 Bg7 18. Bxg7 Kxg7 19. b3 b4 20. Nd1 d5 21. cxd5 exd5 22.
Qe3 Bxg4 23. Rc1 Nf5 24. Qf2 Rh8+ 25. Kg1 Bxe2 26. Qxe2 Ng3 27. Qf2 Nxf1 28.
Rxc5 Ne7 29. Kxf1 dxe4 30. Bxe4 f5 31. Qb2+ Kf7 0-1

[Event "Memorial Nicola Palladino A"]
[Site "Milano ITA"]
[Date "2010.04.06"]
[Round "6"]
[White "Kruis, Rudy"]
[Black "Attuati, Stefano"]
[Result "1/2-1/2"]
[WhiteElo "1938"]
[BlackElo "1848"]
[PlyCount "78"]
[EventDate "2010.04.01"]

1. c4 e5 2. Nc3 Nf6 3. g3 g6 4. Bg2 Bg7 5. d3 Nc6 6. Nf3 d6 7. O-O O-O 8. Rb1
a5 9. a3 Nd7 10. Nd5 h6 11. Bd2 f5 12. e4 Nc5 13. Qe2 fxe4 14. dxe4 Nb3 15. Be3
Bg4 16. Qd3 a4 17. Nd2 Nc5 18. Bxc5 dxc5 19. f3 Be6 20. Rfd1 Nd4 21. Kh1 Ra6
22. Qc3 Rf7 23. b3 c6 24. Ne3 Rd7 25. bxa4 Rxa4 26. Qb2 Qa5 27. Ra1 b5 28. Bf1
Ra7 29. cxb5 cxb5 30. Nc2 c4 31. Nb1 Nxf3 32. Nc3 Qb6 33. Bg2 Nd4 34. Nxa4 Rxa4
35. Nb4 Qc5 36. Rdc1 Qe7 37. Rc3 Ra8 38. Rf1 Qa7 39. Nc2 Ne2 1/2-1/2

[Event "Memorial Nicola Palladino A"]
[Site "Milano ITA"]
[Date "2010.04.06"]
[Round "6"]
[White "Olivieri, Alessandro"]
[Black "Arboscelli, Gregorio"]
[Result "0-1"]
[WhiteElo "1938"]
[BlackElo "1848"]
[PlyCount "67"]
[EventDate "2010.04.01"]

1. d4 g6 2. c4 Bg7 3. Nc3 d6 4. e4 Nd7 5. Nf3 e5 6. Bg5 f6 7. Be3 Ne7 8. Qd2
O-O 9. Bh6 Rf7 10. c5 Bxh6 11. Qxh6 Rg7 12. Bc4+ Kh8 13. O-O-O exd4 14. Nxd4
Nxc5 15. h4 Nc6 16. Nxc6 bxc6 17. Qe3 Qe8 18. Qd4 Be6 19. Bxe6 Qxe6 20. f4 Re8
21. Rde1 Qg4 22. f5 gxf5 23. b4 Nxe4 24. Nxe4 Rxe4 25. Rxe4 Qxe4 26. Qxf6 Qe7
27. Qxf5 Rxg2 28. Rf1 Qe3+ 29. Kb1 Qd4 30. Qc8+ Rg8 31. Rf8 Qxb4+ 32. Kc2 Qc4+
33. Kb1 Qd3+ 34. Kb2 0-1

[Event "Memorial Nicola Palladino A"]
[Site "Milano ITA"]
[Date "2010.04.06"]
[Round "6"]
[White "Pelizzola, Danilo"]
[Black "Angelini, Marco"]
[Result "1-0"]
[WhiteElo "2106"]
[BlackElo "2046"]
[PlyCount "81"]
[EventDate "2010.04.01"]

1. e4 c5 2. Nf3 d6 3. Bb5+ Bd7 4. Bxd7+ Qxd7 5. O-O Nc6 6. b3 Nf6 7. Nc3 g6 8.
Bb2 Bg7 9. Nd5 e5 10. Qe2 Nxd5 11. exd5 Ne7 12. c4 O-O 13. d3 h6 14. Rae1 Rae8
15. Nd2 g5 16. Qd1 Ng6 17. Ne4 f5 18. Ng3 Kh7 19. a3 Bf6 20. b4 b6 21. b5 Bd8
22. Qe2 Nf4 23. Qd2 Ng6 24. f3 Rg8 25. a4 Rg7 26. Bc3 Reg8 27. Nh5 Rf7 28. Ng3
Be7 29. Ra1 f4 30. Ne4 g4 31. fxg4 Qxg4 32. Kh1 Nh4 33. Rf2 Rfg7 34. Rg1 Nxg2
35. Rff1 f3 36. Qd1 Rf8 37. Nd2 Rgf7 38. Nxf3 Rxf3 39. Rxf3 Rxf3 40. Rxg2 Qh4
41. Qxf3 1-0

[Event "Memorial Nicola Palladino A"]
[Site "Milano ITA"]
[Date "2010.04.17"]
[Round "6"]
[White "Piantoni, Pierino"]
[Black "Virzi, Ettore"]
[Result "1/2-1/2"]
[WhiteElo "1943"]
[BlackElo "1999"]
[PlyCount "42"]
[EventDate "2010.04.01"]

1. Nf3 Nf6 2. d4 g6 3. Bf4 Bg7 4. e3 d6 5. h3 O-O 6. Be2 c5 7. c3 Be6 8. Nbd2
Qb6 9. Qc1 Rc8 10. Ng5 Bd5 11. dxc5 Qxc5 12. O-O h6 13. e4 hxg5 14. Be3 Qa5 15.
exd5 Nxd5 16. Nb3 Qc7 17. Bxg5 Nc6 18. Bh6 Nf6 19. Bxg7 Kxg7 20. Qe3 Rh8 21.
Nd2 d5 1/2-1/2

[Event "Memorial Nicola Palladino A"]
[Site "Milano ITA"]
[Date "2010.04.06"]
[Round "6"]
[White "Profumo, Alberto"]
[Black "Battistella, Stefano"]
[Result "1/2-1/2"]
[WhiteElo "2191"]
[BlackElo "2095"]
[PlyCount "122"]
[EventDate "2010.04.01"]

1. Nf3 d5 2. g3 Nf6 3. Bg2 c6 4. O-O Bf5 5. d3 h6 6. c4 e6 7. Be3 Ng4 8. Bd2
Nd7 9. Nc3 dxc4 10. dxc4 e5 11. b3 Be7 12. Na4 Qc7 13. Bc3 Ngf6 14. Nh4 Bh7 15.
Bh3 b5 16. Nb2 b4 17. Bd2 O-O 18. Nf5 Bxf5 19. Bxf5 Rfd8 20. Qc2 a5 21. Rad1
Nc5 22. Be3 Rxd1 23. Rxd1 Rd8 24. Rxd8+ Qxd8 25. Nd3 Nxd3 26. Qxd3 Qxd3 27.
exd3 c5 28. f4 exf4 29. Bxf4 Bd8 30. Kf2 g6 31. Bc8 g5 32. Bd6 Bb6 33. Be7 Kg7
34. Kf3 h5 35. h3 Kg6 36. Bd6 Ne8 37. Bb8 f5 38. h4 gxh4 39. gxh4 Kf6 40. Kf4
Bc7+ 41. Bxc7 Nxc7 42. Bxf5 Ne8 43. Be4 Nd6 44. Bh7 Ne8 45. Bf5 Nd6 46. Bh3 Nf7
47. Ke4 Ne5 48. Bf1 Ke6 49. Be2 Ng6 50. Bxh5 Nxh4 51. d4 Kd6 52. d5 Ng2 53. Bg6
Ne1 54. Ke3 Ng2+ 55. Kf2 Nf4 56. Bc2 Nh5 57. Kf3 Nf6 58. Kf4 Nd7 59. Bf5 Ne5
60. Ke4 a4 61. Kf4 a3 1/2-1/2

[Event "Memorial Nicola Palladino A"]
[Site "Milano ITA"]
[Date "2010.04.06"]
[Round "6"]
[White "Rossi, Giampiero"]
[Black "Nepi, Ezio"]
[Result "0-1"]
[WhiteElo "1914"]
[BlackElo "1852"]
[PlyCount "62"]
[EventDate "2010.04.01"]

1. d4 d5 2. c4 e6 3. Nc3 c6 4. e3 Nf6 5. Nf3 Nbd7 6. Qc2 Bd6 7. b3 O-O 8. Bd3
e5 9. cxd5 cxd5 10. dxe5 Nxe5 11. Nxe5 Bxe5 12. O-O Qc7 13. Bb2 Bxh2+ 14. Kh1
Be5 15. Rac1 Qe7 16. Rfe1 Ng4 17. Bxh7+ Kh8 18. Bf5 Qf6 19. Bxg4 Bxg4 20. f3
Bf5 21. Qf2 d4 22. exd4 Qh6+ 23. Kg1 Bf4 24. Nd5 Qh2+ 25. Kf1 Bxc1 26. Rxc1
Bd3+ 27. Ke1 Rfe8+ 28. Ne3 Rac8 29. Rxc8 Rxc8 30. Kd2 Ba6 31. d5 Qh7 0-1

[Event "VII Open Primavera"]
[Site "Robecchetto con Induno ITA"]
[Date "2010.04.01"]
[Round "1"]
[White "Buratti, Roberto"]
[Black "Sartorio, Alessandro"]
[Result "1-0"]
[WhiteElo "1600"]
[BlackElo "1383"]
[PlyCount "41"]
[EventDate "2010.04.01"]

1. e4 e5 2. Bc4 Nf6 3. Nf3 d5 4. exd5 Nxd5 5. Nxe5 Qe7 6. O-O Qc5 7. d4 Qd6 8.
Nxf7 Kxf7 9. Qf3+ Ke8 10. Bxd5 Be7 11. Bf4 Qb6 12. Re1 Rf8 13. Rxe7+ Kxe7 14.
Bg5+ Ke8 15. Qe4+ Be6 16. Bxe6 Rf7 17. Qd5 Qd6 18. Bxf7+ Kf8 19. Qf3 Nd7 20.
Be6+ Ke8 21. Qf7# 1-0

[Event "VII Open Primavera"]
[Site "Robecchetto con Induno ITA"]
[Date "2010.04.01"]
[Round "1"]
[White "Colli, Gianmaria"]
[Black "Pogliano, Stefano"]
[Result "0-1"]
[WhiteElo "1580"]
[BlackElo "1988"]
[PlyCount "90"]
[EventDate "2010.04.01"]

1. Nf3 c5 2. e4 Nc6 3. Nc3 Nf6 4. d3 d5 5. exd5 Nxd5 6. Bd2 Bg4 7. Nxd5 Qxd5 8.
Be2 e5 9. O-O Be7 10. Bc3 f6 11. Re1 Be6 12. a3 O-O 13. Qc1 b5 14. h4 a5 15. h5
b4 16. Bd2 Qd7 17. h6 g6 18. Qd1 Rfd8 19. Be3 Nd4 20. Nh2 b3 21. Bxd4 bxc2 22.
Qxc2 cxd4 23. Bf3 Rac8 24. Qe2 Qb5 25. Be4 Rb8 26. Reb1 Rdc8 27. f4 Qb3 28.
fxe5 f5 29. Bf3 Rc2 30. Qd1 Rxb2 31. Rxb2 Qxd1+ 32. Bxd1 Rxb2 33. Nf3 Bb3 34.
Kf1 Bxd1 35. Rxd1 Bxa3 36. Nxd4 Bf8 37. Nc6 a4 38. e6 Bxh6 39. d4 a3 40. Ra1 a2
41. Rxa2 Rxa2 42. d5 Rd2 43. e7 Kf7 44. d6 Rxd6 45. e8=Q+ Kxe8 0-1

[Event "VII Open Primavera"]
[Site "Robecchetto con Induno ITA"]
[Date "2010.04.01"]
[Round "1"]
[White "Colombo, Maurizio"]
[Black "Madaschi, Sergio"]
[Result "1-0"]
[WhiteElo "1733"]
[BlackElo "1541"]
[PlyCount "75"]
[EventDate "2010.04.01"]

1. d4 d5 2. c4 c6 3. Nf3 Nf6 4. Nc3 dxc4 5. a4 e6 6. e3 Bb4 7. Bxc4 Ne4 8. Qc2
Nxc3 9. bxc3 Bd6 10. O-O O-O 11. Bd3 g6 12. e4 f6 13. Bh6 Rf7 14. e5 Be7 15.
Bxg6 f5 16. Bxf7+ Kxf7 17. Qd2 Qg8 18. Bg5 Nd7 19. Bxe7 Kxe7 20. a5 Nf8 21.
Qg5+ Qxg5 22. Nxg5 h6 23. Nf3 Bd7 24. Rab1 Rb8 25. c4 Ng6 26. g3 Kd8 27. c5 Kc7
28. Nd2 Rg8 29. Kh1 Ne7 30. Nc4 Nd5 31. Rb3 Rg4 32. f4 Kb8 33. a6 b6 34. cxb6
axb6 35. Nxb6 Kc7 36. Nxd5+ exd5 37. Rb7+ Kd8 38. a7 1-0

[Event "VII Open Primavera"]
[Site "Robecchetto con Induno ITA"]
[Date "2010.04.01"]
[Round "1"]
[White "Nava, Mario"]
[Black "Volpe, Antonio"]
[Result "0-1"]
[WhiteElo "1410"]
[BlackElo "1672"]
[PlyCount "106"]
[EventDate "2010.04.01"]

1. Nf3 g6 2. d4 Bg7 3. e4 d6 4. Bc4 e6 5. Nc3 h6 6. O-O Ne7 7. Bd2 Nd7 8. d5 e5
9. Qe1 Nf6 10. Bb5+ c6 11. dxc6 bxc6 12. Bc4 Bg4 13. Nh4 g5 14. Nf5 Nxf5 15.
exf5 Bxf5 16. Bd3 Bxd3 17. cxd3 O-O 18. Qe2 Rb8 19. Rab1 Re8 20. Be3 Qc7 21.
Qd2 Nh7 22. d4 d5 23. Na4 Bf8 24. dxe5 Rxe5 25. Bd4 Re6 26. Nc5 Bxc5 27. Bxc5
Rbe8 28. Rbe1 Nf6 29. Bd4 Ne4 30. Qc1 c5 31. Be3 Qa5 32. a3 d4 33. b4 cxb4 34.
Bxd4 Qxa3 35. Qxa3 bxa3 36. Bxa7 Nd2 37. Rxe6 Rxe6 38. Rd1 a2 39. Bd4 Nb3 40.
Bc3 Ra6 41. Rd8+ Kh7 42. Rh8+ Kg6 43. Rg8+ Kh5 44. Ba1 Nxa1 45. h3 f5 46. f3
Kh4 47. Kh2 f4 48. Rc8 Nb3 49. Rc4 Kh5 50. g4+ Kg6 51. Rc8 a1=Q 52. Rg8+ Kf7
53. Rc8 Ra2+ 0-1

[Event "VII Open Primavera"]
[Site "Robecchetto con Induno ITA"]
[Date "2010.04.01"]
[Round "1"]
[White "Puricelli, Roberto"]
[Black "Torretta, Gilberto"]
[Result "1-0"]
[WhiteElo "1497"]
[BlackElo "1701"]
[PlyCount "65"]
[EventDate "2010.04.01"]

1. e4 e5 2. Nf3 Nc6 3. Bb5 a6 4. Ba4 Nf6 5. d3 b5 6. Bb3 Be7 7. O-O O-O 8. Bg5
Bb7 9. Nbd2 d6 10. a3 b4 11. Bxf6 Bxf6 12. Bd5 Rb8 13. Bxc6 Bxc6 14. axb4 Rxb4
15. Rxa6 Qd7 16. b3 d5 17. Re1 dxe4 18. dxe4 Rd8 19. Qc1 Rb7 20. Ra1 Qg4 21. c3
Qg6 22. b4 Bd7 23. Kh1 c6 24. Nc4 Bg4 25. Ncxe5 Qh5 26. Nxg4 Qxg4 27. e5 Be7
28. Qe3 Rbd7 29. e6 fxe6 30. Ne5 Qd1 31. Raxd1 Rxd1 32. Nxc6 Bg5 33. Qxe6+ 1-0

[Event "VII Open Primavera"]
[Site "Robecchetto con Induno ITA"]
[Date "2010.04.08"]
[Round "2"]
[White "Macchiettini, Pierangelo"]
[Black "Nava, Mario"]
[Result "1-0"]
[WhiteElo "1670"]
[BlackElo "1410"]
[PlyCount "113"]
[EventDate "2010.04.01"]

1. d4 d5 2. Nf3 Nf6 3. c4 dxc4 4. Qa4+ Nc6 5. Nc3 e6 6. a3 Bd7 7. Qxc4 Na5 8.
Qa2 Nc6 9. e4 Be7 10. Bd3 a6 11. O-O O-O 12. h3 Nh5 13. Be3 Qc8 14. d5 exd5 15.
exd5 Nd8 16. Qb1 Nf6 17. Re1 h6 18. Bxh6 gxh6 19. Rxe7 Bxh3 20. Nh4 Bxg2 21.
Bf5 Qb8 22. Nxg2 c6 23. Qd3 Kh8 24. Qh3 Ng8 25. Rae1 cxd5 26. Re8 Qd6 27. Nxd5
Nc6 28. Qc3+ f6 29. Rxa8 Rxa8 30. Ndf4 Ne5 31. Ng6+ Nxg6 32. Bxg6 Ne7 33. Bb1
Rg8 34. Qe3 f5 35. Qxe7 Qg6 36. Qe5+ Rg7 37. Qe8+ Rg8 38. Qxg6 Rxg6 39. Bxf5
Rf6 40. Bc8 Rf7 41. Re6 Kg7 42. Rb6 Rc7 43. Bxb7 Rc1+ 44. Kh2 a5 45. Ne3 Rc5
46. Ng4 Rh5+ 47. Kg3 Rg5 48. Kf4 Rc5 49. Be4 Kf8 50. Nxh6 Ke7 51. Nf5+ Kd7 52.
Bd3 Rd5 53. Rd6+ Rxd6 54. Nxd6 Kxd6 55. Ke4 Kc5 56. f4 Kd6 57. f5 1-0

[Event "VII Open Primavera"]
[Site "Robecchetto con Induno ITA"]
[Date "2010.04.08"]
[Round "2"]
[White "Madaschi, Sergio"]
[Black "Volpi, Davide"]
[Result "1-0"]
[WhiteElo "1541"]
[BlackElo "2002"]
[PlyCount "49"]
[EventDate "2010.04.01"]

1. e4 c5 2. Nf3 Nc6 3. d4 cxd4 4. Nxd4 Nf6 5. Nc3 e5 6. Ndb5 d6 7. Bg5 a6 8.
Na3 b5 9. Nd5 Be7 10. c3 Nxd5 11. exd5 Bxg5 12. dxc6 Be6 13. g3 O-O 14. Bg2 Rc8
15. O-O Be7 16. Qe2 f5 17. Nc2 Bc4 18. Qd2 e4 19. Nd4 Bg5 20. Qc2 Bd5 21. a4
Bf6 22. Nxf5 Rxc6 23. axb5 axb5 24. Ne3 Rc5 25. Nxd5 1-0

[Event "VII Open Primavera"]
[Site "Robecchetto con Induno ITA"]
[Date "2010.04.08"]
[Round "2"]
[White "Pogliano, Stefano"]
[Black "Buratti, Roberto"]
[Result "1-0"]
[WhiteElo "1988"]
[BlackElo "1600"]
[PlyCount "77"]
[EventDate "2010.04.01"]

1. e4 e5 2. Nf3 d6 3. d4 f5 4. exf5 e4 5. Qe2 d5 6. c4 c6 7. Nc3 Nf6 8. Bg5 Be7
9. Ne5 Bxf5 10. Bxf6 Bxf6 11. cxd5 Bxe5 12. dxe5 O-O 13. O-O-O Qc7 14. d6 Qf7
15. Qc4 Be6 16. Qxe4 Nd7 17. Re1 b5 18. Qc2 Bxa2 19. Nxa2 Qxa2 20. e6 Nc5 21.
Re3 Nxe6 22. Bd3 Nd4 23. Bxh7+ Kh8 24. Qd3 Qa1+ 25. Qb1 Qxb1+ 26. Bxb1 c5 27.
Be4 Rae8 28. Rh3+ Kg8 29. Bd5+ Ne6 30. Re1 Rf6 31. d7 Rd8 32. Rxe6 Rxe6 33.
Bxe6+ Kf8 34. Rh8+ Ke7 35. Rxd8 Kxd8 36. h4 a5 37. h5 c4 38. g4 b4 39. g5 1-0

[Event "VII Open Primavera"]
[Site "Robecchetto con Induno ITA"]
[Date "2010.04.08"]
[Round "2"]
[White "Sartorio, Alessandro"]
[Black "Colli, Gianmaria"]
[Result "1/2-1/2"]
[WhiteElo "1383"]
[BlackElo "1580"]
[PlyCount "128"]
[EventDate "2010.04.01"]

1. d4 d5 2. c4 c6 3. Nf3 Nf6 4. Nc3 g6 5. Bg5 Bg7 6. e3 O-O 7. Be2 Re8 8. O-O
Nbd7 9. Ne5 Nxe5 10. dxe5 Nd7 11. cxd5 cxd5 12. Qxd5 Nxe5 13. Rad1 Qxd5 14.
Nxd5 Rf8 15. Nxe7+ Kh8 16. Bb5 Be6 17. f4 Ng4 18. f5 gxf5 19. Nxf5 Bxf5 20.
Rxf5 h6 21. Be7 Rfb8 22. Rxf7 Nxe3 23. Rd7 Ng4 24. Rc7 Ne5 25. Rf4 a6 26. Ba4
Ng6 27. Rf7 Nxe7 28. Rcxe7 Bxb2 29. Rh7+ Kg8 30. Bb3+ Kf8 31. Ref7+ Kg8 32.
Rxh6 Bd4+ 33. Kh1 Rc8 34. Rd7+ Kf8 35. g3 Bc3 36. Rf7+ Ke8 37. Rf4 Kd7 38. Be6+
Kc7 39. Bxc8 Rxc8 40. Rc4+ Kb8 41. Re4 Bd2 42. Rh7 Rc2 43. h4 Rxa2 44. h5 Ra1+
45. Kg2 a5 46. h6 a4 47. Rd7 Bxh6 48. Ree7 Rb1 49. Re2 a3 50. Ra2 Bc1 51. Rd5
Bb2 52. g4 Rc1 53. g5 Kc7 54. g6 Kc6 55. Rg5 Rc5 56. Rxc5+ Kxc5 57. g7 Bxg7 58.
Rxa3 b5 59. Rb3 Kc4 60. Rb1 b4 61. Kf1 Kc3 62. Ke2 Bh6 63. Kd1 b3 64. Rxb3+
Kxb3 1/2-1/2

[Event "VII Open Primavera"]
[Site "Robecchetto con Induno ITA"]
[Date "2010.04.08"]
[Round "2"]
[White "Torretta, Gilberto"]
[Black "Serrao, Piergiorgio"]
[Result "1-0"]
[WhiteElo "1701"]
[BlackElo "1497"]
[PlyCount "59"]
[EventDate "2010.04.01"]

1. e4 e6 2. d4 d5 3. Nc3 Nf6 4. Bg5 Be7 5. e5 Nfd7 6. Be3 c5 7. f4 Nc6 8. Nf3
cxd4 9. Nxd4 Bc5 10. Bb5 Nxd4 11. Bxd4 Bxd4 12. Qxd4 a6 13. Be2 Qe7 14. O-O Qc5
15. Qxc5 Nxc5 16. a4 d4 17. b4 dxc3 18. bxc5 Bd7 19. Bf3 Bc6 20. Rad1 O-O 21.
Bxc6 bxc6 22. Rd6 Rfd8 23. Rxc6 Rd5 24. Rc7 Rad8 25. c6 Kf8 26. Rb1 Rd1+ 27.
Rxd1 Rxd1+ 28. Kf2 Rd2+ 29. Ke3 Ke8 30. Rxf7 1-0

[Event "VII Open Primavera"]
[Site "Robecchetto con Induno ITA"]
[Date "2010.04.08"]
[Round "2"]
[White "Volpe, Antonio"]
[Black "Puricelli, Roberto"]
[Result "1-0"]
[WhiteElo "1672"]
[BlackElo "1497"]
[PlyCount "111"]
[EventDate "2010.04.01"]

1. e4 c5 2. f4 e6 3. Nf3 a6 4. Nc3 Nc6 5. b3 d6 6. Bb2 Nf6 7. Be2 Nd4 8. e5
Nxf3+ 9. Bxf3 dxe5 10. fxe5 Nd7 11. Qe2 Qc7 12. Nd1 Be7 13. Nf2 O-O 14. O-O Qb6
15. Rab1 Nb8 16. Kh1 Nc6 17. c3 Qc7 18. Rfe1 Bh4 19. g3 Bg5 20. h4 Be7 21. d4
cxd4 22. cxd4 Nb4 23. Rbc1 Qd7 24. a3 Nd5 25. Red1 b5 26. Ne4 Bb7 27. Nc5 Bxc5
28. dxc5 Bc6 29. b4 Qb7 30. Kh2 Rad8 31. Be4 Ne7 32. Bxc6 Qxc6 33. Rd6 Qc8 34.
g4 Nd5 35. Kg3 Qa8 36. Qf3 a5 37. Qb3 axb4 38. axb4 Qa4 39. Qxa4 bxa4 40. b5
Rb8 41. b6 Rfc8 42. Ba3 Ne7 43. h5 Nc6 44. Kf4 Na5 45. Rd7 g6 46. Kg5 Nc6 47.
Kf6 Rf8 48. Rd6 Rfc8 49. Rf1 Rb7 50. hxg6 hxg6 51. Rfd1 Kh7 52. Rd7 Rxd7 53.
Rxd7 Rf8 54. Rd6 Rc8 55. b7 Rc7 56. Rxc6 1-0

[Event "VII Open Primavera"]
[Site "Robecchetto con Induno ITA"]
[Date "2010.04.15"]
[Round "3"]
[White "Buratti, Roberto"]
[Black "Volpe, Antonio"]
[Result "1-0"]
[WhiteElo "1600"]
[BlackElo "1672"]
[PlyCount "69"]
[EventDate "2010.04.01"]

1. e4 g6 2. d4 Bg7 3. c3 e6 4. Bd3 d6 5. Nf3 h6 6. O-O Nd7 7. Be3 b6 8. Qc2 Bb7
9. Nbd2 Ne7 10. Rad1 Nf6 11. h3 O-O 12. Bf4 Kh8 13. e5 Nfd5 14. Bh2 Ng8 15.
exd6 cxd6 16. Ne4 Nde7 17. Bxd6 f5 18. Bxe7 Qxe7 19. Ned2 Rac8 20. Qb3 Rfe8 21.
Rfe1 Nf6 22. Bb5 Bd5 23. c4 Bc6 24. Bxc6 Rxc6 25. Ne5 Qc7 26. Nxc6 Qxc6 27. Nf3
Ne4 28. d5 Qc5 29. Qc2 g5 30. dxe6 Rxe6 31. Rd5 Qf8 32. Nd2 Qb4 33. f3 Nc5 34.
Rd8+ Kh7 35. Rxe6 1-0

[Event "VII Open Primavera"]
[Site "Robecchetto con Induno ITA"]
[Date "2010.04.15"]
[Round "3"]
[White "Colombo, Maurizio"]
[Black "Pogliano, Stefano"]
[Result "1/2-1/2"]
[WhiteElo "1733"]
[BlackElo "1988"]
[PlyCount "112"]
[EventDate "2010.04.01"]

1. d4 Nf6 2. c4 c5 3. Nf3 g6 4. Nc3 Bg7 5. e4 cxd4 6. Nxd4 d6 7. Be2 Nc6 8. Nc2
Bd7 9. O-O Ne5 10. Ne3 Qc8 11. Bd2 b6 12. Rc1 Qb7 13. Ned5 Be6 14. Nxf6+ Bxf6
15. Nd5 Bg7 16. b3 O-O 17. Bg5 f6 18. Be3 Rac8 19. f4 Nf7 20. Bf3 Qd7 21. Bd4
Nd8 22. Re1 Nc6 23. Bc3 Rfe8 24. Qe2 Bh6 25. Rcd1 Kf8 26. g4 Bxd5 27. exd5 Nd8
28. g5 Bg7 29. gxf6 exf6 30. Qxe8+ Qxe8 31. Rxe8+ Kxe8 32. Re1+ Kf7 33. Bb4 Bf8
34. f5 a5 35. Ba3 a4 36. Bg4 Rc7 37. fxg6+ Kxg6 38. Re8 Be7 39. Bxd6 Bxd6 40.
Rxd8 axb3 41. axb3 Bc5+ 42. Kg2 f5 43. Bf3 Kf6 44. d6 Rg7+ 45. Kf1 Ke5 46. d7
Kd6 47. Rf8 Kxd7 48. Rxf5 Rg1+ 49. Ke2 Rb1 50. Rh5 Rxb3 51. Rxh7+ Ke6 52. Bd5+
Kf6 53. h4 Rh3 54. Bf3 Rh2+ 55. Kd3 Ke5 56. Rh5+ Kf4 1/2-1/2

[Event "VII Open Primavera"]
[Site "Robecchetto con Induno ITA"]
[Date "2010.04.15"]
[Round "3"]
[White "Puricelli, Roberto"]
[Black "Macchiettini, Pierangelo"]
[Result "1/2-1/2"]
[WhiteElo "1497"]
[BlackElo "1670"]
[PlyCount "52"]
[EventDate "2010.04.01"]

1. e4 c5 2. Nf3 d6 3. d4 cxd4 4. Nxd4 Nf6 5. Nc3 a6 6. Bc4 e6 7. Bg5 Be7 8. f4
Qc7 9. Bb3 Nc6 10. Qd2 h6 11. Bxf6 Bxf6 12. Nxc6 Qxc6 13. O-O-O Bxc3 14. bxc3
O-O 15. Qxd6 Qxc3 16. Kb1 a5 17. Rd3 Qf6 18. g3 Ra6 19. Qd4 Qe7 20. a4 Rc6 21.
Rhd1 b6 22. e5 Qc7 23. Qf2 Re8 24. g4 Rc5 25. Qh4 Qc6 26. Rd8 Rxd8 1/2-1/2

[Event "VII Open Primavera"]
[Site "Robecchetto con Induno ITA"]
[Date "2010.04.15"]
[Round "3"]
[White "Santarelli, Sabatino"]
[Black "Madaschi, Sergio"]
[Result "1/2-1/2"]
[WhiteElo "1675"]
[BlackElo "1541"]
[PlyCount "109"]
[EventDate "2010.04.01"]

1. b3 Nf6 2. Bb2 e6 3. Nf3 d5 4. e3 Nbd7 5. c4 c6 6. Be2 Bd6 7. O-O O-O 8. d4
Qc7 9. h3 Re8 10. c5 Be7 11. Nbd2 Nf8 12. Ne5 N8d7 13. b4 Nxe5 14. dxe5 Nd7 15.
Nf3 b6 16. cxb6 axb6 17. a3 Bb7 18. Qb1 c5 19. Rc1 c4 20. e4 b5 21. exd5 exd5
22. Qf5 g6 23. Qg4 Bf8 24. Bd1 Bg7 25. Bc2 Nxe5 26. Nxe5 Bxe5 27. Bd4 Bxd4 28.
Qxd4 Qd6 29. Bb1 Qe5 30. Qxe5 Rxe5 31. Kf1 d4 32. a4 d3 33. a5 Ba6 34. Ra2 Rae8
35. Rd2 Re2 36. Rcd1 Rxd2 37. Rxd2 f5 38. f3 Kf7 39. h4 Kf6 40. f4 Ke6 41. Ba2
Kd5 42. Rxd3+ Ke4 43. Rd6 Ra8 44. Kf2 Kxf4 45. g3+ Ke5 46. Rd7 h5 47. Bb1 Ke6
48. Rg7 Kf6 49. Rc7 Re8 50. Rc6+ Re6 51. Rxe6+ Kxe6 52. Ke3 Ke5 53. Bc2 Bb7 54.
Bb1 Ba6 55. Bc2 1/2-1/2

[Event "VII Open Primavera"]
[Site "Robecchetto con Induno ITA"]
[Date "2010.04.15"]
[Round "3"]
[White "Serrao, Piergiorgio"]
[Black "Nava, Mario"]
[Result "1-0"]
[WhiteElo "1497"]
[BlackElo "1410"]
[PlyCount "95"]
[EventDate "2010.04.01"]

1. d4 d5 2. c4 dxc4 3. Nf3 Nf6 4. e3 e6 5. Bxc4 c5 6. O-O a6 7. a4 Qc7 8. Qe2
Bd6 9. Nc3 O-O 10. Rd1 Bd7 11. h3 cxd4 12. exd4 Re8 13. Bd3 Bc6 14. Be3 Bf4 15.
Rac1 Nbd7 16. b4 Bxe3 17. Qxe3 Qb8 18. b5 axb5 19. axb5 Bxf3 20. Qxf3 b6 21.
Bf1 Nf8 22. d5 exd5 23. Nxd5 N8d7 24. Nc7 Ne5 25. Qc3 Ne4 26. Qc2 Nf6 27. Nxe8
Nxe8 28. Ra1 Rxa1 29. Rxa1 g6 30. Qe4 Qc7 31. f4 Qc5+ 32. Kh1 Nd7 33. Qxe8+ Nf8
34. Ra7 Qf5 35. Bc4 Qxf4 36. Bxf7+ Kg7 37. Bxg6+ Kh6 38. Be4 Qf1+ 39. Kh2 Qf4+
40. g3 Qf2+ 41. Bg2 Ng6 42. Qf7 Qxf7 43. Rxf7 Ne5 44. Rf6+ Kg5 45. Rxb6 Nd7 46.
Rb7 Nf6 47. Re7 Kf5 48. b6 1-0

[Event "VII Open Primavera"]
[Site "Robecchetto con Induno ITA"]
[Date "2010.04.15"]
[Round "3"]
[White "Volpi, Davide"]
[Black "Sartorio, Alessandro"]
[Result "1-0"]
[WhiteElo "2002"]
[BlackElo "1383"]
[PlyCount "73"]
[EventDate "2010.04.01"]

1. Nf3 d6 2. g3 g6 3. Bg2 Bg7 4. O-O Nf6 5. d3 O-O 6. Nbd2 Nc6 7. e4 e5 8. c3
a6 9. a4 Bd7 10. d4 Bg4 11. d5 Bxf3 12. Qxf3 Ne7 13. Bh3 c6 14. c4 cxd5 15.
cxd5 Rc8 16. Bxc8 Qxc8 17. Ra3 Nd7 18. Rc3 Qd8 19. Qe3 f5 20. f3 f4 21. Qf2 Nc5
22. b3 b5 23. Ba3 fxg3 24. hxg3 Bh6 25. Kg2 bxa4 26. Bxc5 dxc5 27. bxa4 Qa5 28.
Rfc1 Bxd2 29. Qxd2 Qxa4 30. Rxc5 Qa3 31. R1c3 Qa4 32. d6 Rd8 33. Rc7 Rd7 34.
Rxd7 Qxd7 35. Rc7 Qd8 36. Rxe7 Kf8 37. Qh6+ 1-0

[Event "VII Open Primavera"]
[Site "Robecchetto con Induno ITA"]
[Date "2010.04.22"]
[Round "4"]
[White "Macchiettini, Pierangelo"]
[Black "Buratti, Roberto"]
[Result "1-0"]
[WhiteElo "1670"]
[BlackElo "1600"]
[PlyCount "91"]
[EventDate "2010.04.01"]

1. d4 d5 2. Nf3 e6 3. c4 f5 4. a3 Nf6 5. Nc3 c6 6. e3 Bd6 7. h3 O-O 8. Be2 Ne4
9. Qb3 Nd7 10. Bd3 Kh8 11. Ne2 g5 12. c5 Bc7 13. Qc2 g4 14. Bxe4 dxe4 15. Nfg1
Qh4 16. g3 Qh6 17. Bd2 e5 18. dxe5 Nxe5 19. Bc3 Kg8 20. Bxe5 Bxe5 21. O-O-O Be6
22. Nf4 Bxf4 23. gxf4 Rad8 24. h4 Rxd1+ 25. Qxd1 Bc4 26. Ne2 Bxe2 27. Qxe2 Rd8
28. Qc2 Qf6 29. Qb3+ Qf7 30. Qa4 a6 31. Qb4 Rd5 32. Rd1 Rxd1+ 33. Kxd1 Kg7 34.
Ke1 Kg6 35. Qd4 Qe7 36. Kf1 Kh5 37. Qe5 Qf7 38. Qd6 Kxh4 39. Qh6+ Qh5 40. Qg7
Qg6 41. Qxb7 h5 42. Kg2 Qf6 43. Qc7 g3 44. Qd6 Qg7 45. Qd8+ Kg4 46. Qd1+ 1-0

[Event "VII Open Primavera"]
[Site "Robecchetto con Induno ITA"]
[Date "2010.04.22"]
[Round "4"]
[White "Madaschi, Sergio"]
[Black "Serrao, Piergiorgio"]
[Result "1/2-1/2"]
[WhiteElo "1541"]
[BlackElo "1497"]
[PlyCount "89"]
[EventDate "2010.04.01"]

1. e4 e6 2. d4 d5 3. Nd2 Nf6 4. e5 Nfd7 5. Bd3 c5 6. c3 Nc6 7. Ne2 cxd4 8. cxd4
f6 9. f4 f5 10. O-O Be7 11. Nf3 O-O 12. Nc3 a6 13. a3 b5 14. Bd2 Qb6 15. Be3
Bb7 16. Qd2 Na5 17. Qe2 Rac8 18. Nd2 Nc4 19. Nxc4 bxc4 20. Bb1 Bc6 21. Ba2 a5
22. Qc2 Rb8 23. Rab1 Rfc8 24. Qc1 a4 25. Qc2 Qa7 26. Rf3 Rb6 27. Qe2 Rcb8 28.
Rff1 Qb7 29. Rf2 Nf8 30. g3 Nd7 31. Bc1 Ra6 32. g4 Nf8 33. Rg2 g6 34. gxf5 exf5
35. Qf2 Ne6 36. Be3 Kh8 37. h4 Raa8 38. Qf3 Rg8 39. Qh3 Be8 40. Kh2 Bf8 41. h5
Ra7 42. Rbg1 Bh6 43. Qf3 Ra5 44. Bb1 Bf7 45. Qf2 1/2-1/2